000 00367nam a22001457a 4500
003 MACL,
005 20191205162231.0
008 191205b xxu||||| |||| 00| 0 eng d
040 _c MACL,
100 _aSirohi , P K
_976333
245 _aAgricultural Finance and Management
260 _aDelhi
_bNisha Pub
_c2018
650 _aAgriculture
_977454
942 _2ddc
_cBK
999 _c61518
_d61518